000 00811cam a22002653a 4500
001 1627
003 PGUSA
005 20140828083004.0
008 990201s1999||||xxu|||||s|||||000 1 eng d
040 _aPGUSA
_beng
042 _adc
050 4 _aPR
100 1 _aCollins, Wilkie,
_d1824-1889
245 1 4 _aThe Evil Genius :
_bA Domestic Story
_h[electronic resource] /
_cWilkie Collins
260 _bProject Gutenberg,
_c1999
506 _aPublic domain in the USA.
516 _aElectronic text
653 _aEngland -- Social life and customs -- 19th century -- Fiction
653 _aShip captains -- Fiction
653 _aDivorce -- Fiction
653 _aWomen -- Social conditions -- Fiction
830 0 _aProject Gutenberg
_v1627
856 4 0 _uhttp://www.gutenberg.org/ebooks/1627
942 _cEB
999 _c230975
_d230975